Culture Générale - Série 1693 - Statistiques

Statistiques générales
  • Ce quiz a été pris 108 fois
  • Le résultat moyen est 8 sur 10
Statistiques - réponses
Question Réponse % Correct
Qu'est-ce qui est "de recherche" sur Internet et "à réaction" sur un avion ? moteur
94%
Dans quel pays européen pouvez-vous visiter les comtés de Cork et de Galway ? Irlande
90%
Complétez les paroles du tube du groupe Licence IV : "Allez viens boire un p'tit coup à la maison, y a du blanc, y a du rouge du... saucisson
87%
Qui était Premier ministre, en Grande-Bretagne, pendant la Seconde Guerre mondiale ? Winston Churchill
87%
Le Mont Everest est le point culminant de la planète, culminant à 8848 mètres. Il se situe à la frontière entre Chine et ... Népal
85%
Dans quel pays est située la ville d' Ushuaia, surnommée "la fin du monde" ? Argentine
84%
Quelle couleur a symbolisé la révolution iranienne de juin 2009 ? vert
83%
En Californie, quel technopôle doit son nom à la matière première utilisée par ses entreprises, le silicium ? Silicon Valley
73%
Quel pays est désigné par le mot "Suomi" ? Finlande
44%
En 1965, à quel auteur, compositeur et interprète doit-on la chanson “Les Cornichons” ? Nino Ferrer
35%
Aucun quiz correspondant
Distribution des résultats
% des personnes avec chaque résultat
Percentile par nombre de réponses
Votre historique - résultats
Vous n’avez pas pris ce quiz